000 nam a22 a 4500
999 _c177144
_d177144
003 BLK
005 20230119154551.0
008 180411b bul|||||r ||||||| ||bul||
010 _aKNG00185796000
040 _aBLK
041 _aBUL
_cBUL
080 _aЕтнология. Етнография. Нрави. Обичаи. Бит. Фолклористика. Вж и 572 ; 903 ; 904
_b39
_z39
139 _aБългарско народно поетично творчество
_bБ 92
245 1 0 _aБългарско народно поетично творчество
_bНар. песни, нар. приказки, пословици, поговорки, гатанки
_cпредг., подб., ред., бел. и прил. Цветана Македонска.
257 _aBGR
260 _aСофия
_bБълг. писател
_c1975
_fСофия : Димитър Благоев
300 _a336 с.
_c20 см
380 _a3
490 _aБиблиотека за ученика
_9201322
500 _a1. изд. 1973.
650 4 _aНародно творчество, българско
_9245232
653 _aнародно творчество
653 _aнародни песни
653 _aнародни приказки
653 _aпословици
653 _aпоговорки
653 _aгатанки
700 1 _aМакедонска, Цветана
_eпредг., подб., ред., бел. и прил.
_9372179
852 _aЦб 76813
856 4 _qpdf
_i0.54
_ldisable
856 4 _qpdf
_i0.54
_ldisable
942 _cKNG
_n0
_s1
944 _aCR
_c06.01.2016
_kМилена_Ачева
944 _aED
_c2022-09-29
_kир
999 _d177144
999 _d177144